000
nam a22 7a 4500
999
_c
44183
_d
44183
003
OSt
005
20180514162633.0
008
180514b xxu||||| |||| 00| 0 eng d
040
_c
serosoft
100
_a
pooja jain
245
_a
A TEXTBOOK OF COMPUTERS IN NURSING
260
_a
PV BOOKS
_b
PV BOOKS
_c
30/03/17
300
_a
406
942
_2
ddc
_c
03